Economics principles and policy : test book for Baumol and Blinder's

Αποθηκεύτηκε σε:
Λεπτομέρειες βιβλιογραφικής εγγραφής
Κύριος συγγραφέας: Barkley, Paul W.
Άλλοι συγγραφείς: Denslow, David 1942-, Thomas, Robert
Μορφή: Βιβλίο
Γλώσσα:English
Δημοσίευση: San Diego, New York : HBJ, c1985
Έκδοση:3rd ed.
Θέματα:
Ετικέτες: Προσθήκη ετικέτας
Δεν υπάρχουν, Καταχωρήστε ετικέτα πρώτοι!

MARC

LEADER 00000nam a2200000 i 4500
001 1/68003
008 960619s1985 eng d
020 |a 0-15-518845-3 
035 |l 10030114 
040 |a GR-MY-UA  |b gre  |e aacr 
041 0 |a eng 
082 0 |a 330 
100 1 |a Barkley, Paul W. 
245 1 0 |a Economics principles and policy :  |b test book for Baumol and Blinder's /  |c Paul Barkley, David Danslow, Robert Thomas 
250 |a 3rd ed. 
260 |a San Diego, New York :   |b HBJ,   |c c1985 
300 |a 470 σ. 
650 0 0 |a Economics  |x Problems, exercises, etc. 
700 1 |a Denslow, David  |d 1942- 
700 1 |a Thomas, Robert. 
852 |a INST  |b CHIOS  |e 19960619  |h 330 BAR  |p 005200007701  |q 005200007701  |t BK  |y 0 
852 |a INST  |b CHIOS  |e 19960619  |h 330 BAR  |p 005200007702  |q 005200007702  |t BK  |y 0 
909 |a Χ  |b 039864 
909 |a Χ  |b 039863